|
|
|
|
| LEADER |
00000nam a22000007a 4500 |
| 005 |
20140827230335.0 |
| 007 |
cr|||| |||| |
| 008 |
140827s2013 cu |||||s|||| 00||0 spa d |
| 020 |
|
|
|a 978-959-7219-10-1
|
| 035 |
|
|
|a 12366
|
| 040 |
|
|
|a vLex
|
| 090 |
|
|
|c 5141
|d 5141
|
| 100 |
1 |
|
|a Mesa Castillo, Olga
|
| 245 |
1 |
0 |
|a Memorias de la VII Conferencia Internacional de Derecho de Familia y II Escuela Ibero-Latinoamericana de Derecho de Familia
|h [Recurso electrn̤ico] /
|c Olga Mesa Castillo, Yamila Gonzl̀ez Ferrer
|
| 256 |
|
|
|a Servicio en ln̕ea
|
| 260 |
|
|
|a La Habana:
|b Unin̤ Nacional de Juristas de Cuba,
|c 2013
|
| 300 |
|
|
|a 1 recurso electrn̤ico
|
| 500 |
|
|
|a Resto del tt̕ulo: otras disciplinas afines.
|
| 506 |
1 |
|
|a Disponible solo en los productos indicados
|d vLex Global
|d vLex Global (Academic Edition, excluding Law Schools)
|d vLex Global (U.S. Academic Edition, Law Schools)
|d vLex Global (U.S. Academic Edition, excluding Law Schools)
|d vLex Global (Academic Edition, Law Schools)
|
| 650 |
0 |
4 |
|a Derecho Civil
|z Cuba
|
| 650 |
0 |
4 |
|a Familia y Sucesiones
|z Cuba
|
| 700 |
1 |
|
|a Gonzl̀ez Ferrer, Yamila
|
| 740 |
0 |
|
|a vLex Libros (Servicio en ln̕ea)
|
| 856 |
4 |
0 |
|u http://vlex.com/source/memorias-de-la-vii-conferencia-internacional-de-derecho-de-familia-y-ii-escuela-ibero-latinoamericana-de-derecho-de-familia-y-otras-disciplinas-afines-12366
|z Acceso restringido
|
| 942 |
|
|
|c BOOK
|
| 999 |
0 |
|
|a Civil Law
|
| 999 |
0 |
|
|a Family and Inheritance
|